Żabson x Young Igi - amfisbena - Statystyki

Ogólne statystyki
  • Ten quiz został rozwiązany 102 razy
  • Średni wynik to 10 z 16
Statystyki odpowiedzi
Numer Tytuł % Poprawnych
9 (Deluxe) Polski Karnawał
86%
5 Icey
85%
11 (Deluxe) Robotniczy Trap
85%
14 (Deluxe) Buty Na Rzepy
80%
1 Ziemia Na Marsie
80%
2 James Bond
74%
6 Kap Kap
66%
13 (Deluxe) Sahara
64%
10 (Deluxe) Scam
58%
8 #FreeBritney
56%
7 Relax
56%
4 Perfekcja
55%
16 (Deluxe) Lifestyle
51%
3 Nie Wszystek Umrę
50%
12 (Deluxe) Kiedy Skończę Karierę
48%
15 (Deluxe) Widzę Siebię
45%
Nie znaleziono quizów pasujących do podanych kryteriów
Rozkład punktacji
Procent ludzi z każdym wynikiem
Percentyl według liczby udzielonych odpowiedzi
Twoja historia wyników
Nie rozwiązałeś tego quizu